000 01906cam a22004454i 4500
003 PE-LiUPU
005 20250731173301.0
008 150625s1997 ag rb 000 0 spa d
035 _a(Sirsi) a36103
040 _aPE-LiUPU
_bspa
_cPE-LiUPU
_erda
049 _aPRUA
082 0 4 _a286.7063
_bC74
_221
111 2 _aCongreso Iberoamericano de Educación Adventista
_n1.
_d1997
_cLa Plata, Argentina
245 1 0 _aCompilación de exposiciones y ponencias /
_cUniversidad Adventista del Plata.
264 1 _aEntre Rios, Argentina :
_bUniversidad Adventista del Plata,
_c1997.
300 _a147 páginas ;
_c28 centímetros
336 _atext
_2rdacontent
337 _aunmediated
_2rdamedia
338 _avolume
_2rdacarrier
504 _aIncluye referencias bibliográficas al final de cada artículo.
505 0 _aLa promoción de la salud en las instituciones educativas -- La educación adventista en la divición sudamericana hoy y mañana -- La orientación espiritual -- El docente adventista y los métodos contemporáneos de enseñanza aprendizaje -- la educación adventista un proceso de internalización de valores -- Analisis de las teorías -- Detección precoz de los problemas.
526 _aSEG42
526 _aSEG41
526 _aSEG40
526 _aSEG39
526 _aP94
526 _aP87
526 _aP86
526 _aP85
526 _aP77
526 _aP76
526 _aP35
611 _aCongreso Iberoamericano de Educación Adventista
_n1.
_d1997
_cLa Plata, Argentina.
650 1 4 _aEducación Adventista
_vCongresos.
650 1 0 _aEducación adventista
_xFilosofía.
_93729
942 _2ddc
_cBOOK
949 _a286.7063 C74
_wDEWEY
_c1
_i55208
_lCCODEBUL1
_mBUL
_p4.00
_r0
_sY
_tBOOK
_u2015-06-25
_xEDUCACION
_zUNKNOWN
_0COMPRA
_o.STAFF. Colección General
999 _c44139
_d44139
980 _81
_gALBERTO SANCHEZ Responsable de Automatización